Romário - Statistics

Estatísticas Gerais
  • Esse quiz foi jogado 122 vezes
  • A pontuação média é 13 de 17
Estatísticas das Respostas
Anos Clubes % Correto
1993-1994 Barcelona
100%
1995-1996 Flamengo
99%
1997(Emp.) Flamengo
99%
1998-1999 Flamengo
99%
1985-1988 Vasco da Gama
97%
2000-2002 Vasco da Gama
97%
2005-2006 Vasco da Gama
97%
2007-2008 Vasco da Gama
97%
(Seleção)1987-2005 Brasil
89%
2002-2003 Fluminense
88%
2003-2004 Fluminense
88%
1988-1993 PSV
84%
2009 América
62%
1996-1997 Valência
36%
2003 Al-Sadd
13%
2006 Miami FC
13%
2006 Adelaide United
12%
Nenhum quiz correspondente encontrado
Distribuição das Pontuações
Porcentagem de Pessoas com Cada Pontuação
Percentil de Números Respondidos
Sua Pontuação Histórica
Você não jogou esse quiz